| 000 | 00431nam a2200169Ia 4500 | ||
|---|---|---|---|
| 008 | 230524s9999 xx 000 0 und d | ||
| 020 | _a9788177581058 | ||
| 082 |
_a657.43 _bPAN |
||
| 100 | _aGeorge E.Rejda | ||
| 245 | 0 | _a"Principles of Risk Management And Insurance, " | |
| 250 | _aIST | ||
| 260 |
_aNEW DELHI _b Pearson _c2008 |
||
| 300 | _aVIII;455 | ||
| 500 | _aQuantity Number: 10 | ||
| 650 | _aManagement | ||
| 942 | _cBK | ||
| 999 |
_c43044 _d43044 |
||